Statistics for World War I - Multiple Choice

Click here to take the quiz!

General Stats

  • This quiz has been taken 153 times
  • The average score is 10 of 15

Answer Stats

QuestionAnswer% Correct
What treaty ended the warTreaty of Versailles
94%
What gas was most commonly used in World War I?Mustard Gas
88%
Where was Arch Duke Franz Ferdinand shot?Sarajevo
83%
Which of these countries left the war before it ended?Russia
79%
Which country entered the war first?Austria-Hungary
78%
In which modern country did the Gallipoli campaign take place?Turkey
74%
Who was the American president during the war?Woodrow Wilson
74%
What country was invaded in the Schlieffen Plan?Belgium
71%
What was a Dreadnought?A Ship
69%
What was the deadliest battle of World War I?Battle of the Somme
68%
What did the triple entente become?Allied Powers
62%
Who was famously sent by Germany from Switzerland to Russia during the war?Vladimir Lenin
61%
In what year did the United States join the war?1917
58%
To which country was the Zimmerman Telegram sent?Mexico
53%
Which of these cities was invaded by Japan?Qingdao
22%

Score Distribution

Percentile by Number Answered

Percent of People with Each Score

Your Score History

You have not taken this quiz